Varav hjärtat är fullt / (Post nr. 56786)

MARC-detaljer
000 -LEADER
fixed length control field 03428cam a2200733 4500
001 - CONTROL NUMBER
control field 2255158
003 - CONTROL NUMBER IDENTIFIER
control field LIBRIS
005 - DATE AND TIME OF LATEST TRANSACTION
control field 20210317132259.0
008 - FIXED-LENGTH DATA ELEMENTS--GENERAL INFORMATION
fixed length control field 011211s1996 ne |||||d|||||000 h|swe|
020 ## - INTERNATIONAL STANDARD BOOK NUMBER
International Standard Book Number 9036483425
Qualifying information inb.
035 ## - SYSTEM CONTROL NUMBER
System control number (Bo)243591
035 ## - SYSTEM CONTROL NUMBER
System control number (Mo)b1349109
040 ## - CATALOGING SOURCE
Original cataloging agency NB
041 ## - LANGUAGE CODE
Language code of text/sound track or separate title swe
082 04 - DEWEY DECIMAL CLASSIFICATION NUMBER
Classification number 839.7808
Edition number 22 (machine generated)
084 ## - OTHER CLASSIFICATION NUMBER
Classification number Hc.017
Number source kssb/6
084 ## - OTHER CLASSIFICATION NUMBER
Classification number Hc.017
Number source kssb/8
084 ## - OTHER CLASSIFICATION NUMBER
Classification number Hc.017
Number source kssb/8
084 ## - OTHER CLASSIFICATION NUMBER
Classification number Hc.017
Number source kssb
100 1# - MAIN ENTRY--PERSONAL NAME
Personal name Antti, Gerda,
Dates associated with a name 1929-
Authority record control number or standard number https://libris.kb.se/c9prrdlw14b43hh#it
245 00 - TITLE STATEMENT
Title Varav hjärtat är fullt /
Statement of responsibility, etc. Gerda Antti.
250 ## - EDITION STATEMENT
Edition statement Storstilsutg.
264 #1 - PRODUCTION, PUBLICATION, DISTRIBUTION, MANUFACTURE, AND COPYRIGHT NOTICE
Place of production, publication, distribution, manufacture [Baambrugge] :
Name of producer, publisher, distributor, manufacturer [Grote letter bibliotheek] i samarbete med Bonnier Alba, Stockholm,
Date of production, publication, distribution, manufacture, or copyright notice 1996
300 ## - PHYSICAL DESCRIPTION
Extent 214 s.
Dimensions 23 cm
340 ## - PHYSICAL MEDIUM
Dimensions 23 cm
490 1# - SERIES STATEMENT
Series statement Storstilsbiblioteket,
International Standard Serial Number 99-0171405-2 ;
Volume/sequential designation 342
500 ## - GENERAL NOTE
Institution to which field applies Bo
General note Annan upplaga kan finnas vid biblioteket
500 ## - GENERAL NOTE
Institution to which field applies Hagf
General note Annan upplaga kan finnas vid biblioteket
500 ## - GENERAL NOTE
Institution to which field applies Hagf
General note 1 uppl i denna version
500 ## - GENERAL NOTE
Institution to which field applies Mo
General note Första upplaga med denna samlingstitel 1993. Första upplaga i denna version
500 ## - GENERAL NOTE
Institution to which field applies Mo
General note SAMB 960-18
500 ## - GENERAL NOTE
Institution to which field applies Mo
General note svenska
500 ## - GENERAL NOTE
Institution to which field applies Um
General note Skönlitteratur. Annan uppl. kan finnas vid biblioteket
650 #4 - SUBJECT ADDED ENTRY--TOPICAL TERM
Topical term or geographic name entry element Noveller
653 ## - INDEX TERM--UNCONTROLLED
Uncontrolled term Storstil
655 #4 - INDEX TERM--GENRE/FORM
Institution to which field applies Mo
Genre/form data or focus term Storstilsbok
830 #0 - SERIES ADDED ENTRY--UNIFORM TITLE
Uniform title Storstilsbiblioteket,
International Standard Serial Number 99-0171405-2 ;
Volume/sequential designation 342
887 ## - NON-MARC INFORMATION FIELD
Content of non-MARC field {"@id":"l3wkcfmx0cs5bqq","modified":"2019-06-12T17:04:37.003+02:00","checksum":"47016015558"}
Source of data librisxl
887 ## - NON-MARC INFORMATION FIELD
Content of non-MARC field {"@id":"mrxn8pms1k8phbv","modified":"2003-07-24T16:19:58+02:00","checksum":"31654827869"}
Source of data librisxl
887 ## - NON-MARC INFORMATION FIELD
Content of non-MARC field {"@id":"bgn9pt5h1bxkls0","modified":"2014-04-01T10:30:34+02:00","checksum":"17560738320"}
Source of data librisxl
887 ## - NON-MARC INFORMATION FIELD
Content of non-MARC field {"@id":"04b9bm651xhlx8r","modified":"2008-08-19T13:20:23+02:00","checksum":"31080860317"}
Source of data librisxl
887 ## - NON-MARC INFORMATION FIELD
Content of non-MARC field {"@id":"fkr9mn6l384ckrs","modified":"2013-07-02T10:43:45+02:00","checksum":"21935208063"}
Source of data librisxl
887 ## - NON-MARC INFORMATION FIELD
Content of non-MARC field {"@id":"w177rhg23q0qmbp","modified":"2009-03-03T10:20:52+01:00","checksum":"27801675382"}
Source of data librisxl
887 ## - NON-MARC INFORMATION FIELD
Content of non-MARC field {"@id":"z38q1wm414htqpw","modified":"2018-06-05T15:37:35.228+02:00","checksum":"23550445582"}
Source of data librisxl
887 ## - NON-MARC INFORMATION FIELD
Content of non-MARC field {"@id":"049r2xn51kmmcj3","modified":"2018-06-05T15:37:35.23+02:00","checksum":"24368606099"}
Source of data librisxl
887 ## - NON-MARC INFORMATION FIELD
Content of non-MARC field {"@id":"15bs3zp651ws17r","modified":"2018-06-05T15:37:35.232+02:00","checksum":"27345186087"}
Source of data librisxl
942 ## - ADDED ENTRY ELEMENTS (KOHA)
Source of classification or shelving scheme Other/Generic Classification Scheme
Koha item type Bok
Bestånd
Withdrawn status Lost status Source of classification or shelving scheme Damaged status Not for loan Home library Current library Date acquired Total Checkouts Full call number Barcode Date last seen Price effective from Koha item type
    Other/Generic Classification Scheme     Karlskoga Lasarettsbibliotek Karlskoga Lasarettsbibliotek 17/03/2021   Storstil 890037035865D 17/03/2021 17/03/2021 Bok
Medicinska biblioteket, Karlskoga lasarett
Måndag och onsdag: 10.00-14.30, Lunchstängt 11.30-12.00.
Fredagar: 10.00-12.00.

Madelene Ribbing, bibliotekarie
Lena Mileraux, biblioteksassistent/administratör
0586-664 49
medbibl.kgalas@regionorebrolan.se




Medicinska biblioteket, Lindesbergs lasarett
Dörren till bibliotket är upplåst mellan 07-16:00 på vardagar.
Dörren i hisshallen är öppen måndag - tosdag 7.00 - 15.00. Fredagar stängt.

Bibliotekets bemanning:
Mån: självbetjäning
Tis, ons och tors: 10-15
Fre: självbetjäning

Madelene Ribbing, bibliotekarie
Telefon: 0581-853 11, 072-14 77 552
medbibl.lbglas@regionorebrolan.se